[Event "EOBCC 2020"]
[Site "Online"]
[Date "2020.12.18"]
[Round "7.81"]
[White "Eren, Ataberk"]
[Black "Matnadze, Ana"]
[Result "1-0"]
[WhiteElo "2321"]
[BlackElo "2421"]
[Annotator "ChessBase"]
[PlyCount "149"]
[EventDate "2020.12.18"]
[EventType "tourn"]
[EventCountry "NET"]
[SourceTitle "playchess.com"]
[Source "ChessBase"]
[SourceQuality "1"]

1. d4 Nf6 2. Nf3 e6 3. Bf4 b6 4. e3 Bb7 5. Nbd2 g6 6. Be2 Bg7 7. h3 O-O 8. O-O d6 9. a4 a5 10. Re1 Nbd7 11. Bf1 Re8 12. Bh2 e5 13. dxe5 dxe5 14. Nc4 Nd5 15. c3 Qe7 16. Qb3 Rad8 17. Rad1 Nc5 18. Qc2 f6 19. b3 Ne6 20. Rd2 Qc5 21. Red1 Ne7 22. Rxd8 Rxd8 23. Rxd8+ Nxd8 24. Nfd2 Ne6 25. Ne4 Qc6 26. f3 Nd5 27. Qd2 Kf7 28. h4 h5 29. Bd3 Qd7 30. Be2 Bc6 31. Bg3 Bh6 32. Kh1 Nxe3 33. Qc1 Nf5 34. Qe1 Nf4 35. Bf2 Nxe2 36. Qxe2 Bg7 37. g4 Nh6 38. g5 Qh3+ 39. Kg1 Bxe4 40. Qxe4 fxg5 41. hxg5 Nf5 42. Qd5+ Ke7 43. Nxe5 Bxe5 44. Qxe5+ Kd7 45. Qd5+ Nd6 46. c4 Qe6 47. Qd3 Qf5 48. Qd4 Qxg5+ 49. Kf1 Qe7 50. c5 bxc5 51. Qxc5 h4 52. Qxa5 h3 53. Qb4 Qh7 54. Qg4+ Kc6 55. Kg1 h2+ 56. Kh1 Qf7 57. b4 Qa2 58. b5+ Kb7 59. Qg2 Qb1+ 60. Kxh2 Nf5 61. a5 Qc2 62. a6+ Kc8 63. f4 Qc4 64. a7 Qxf4+ 65. Kh1 Qc1+ 66. Bg1 Qa3 67. a8=Q+ Qxa8 68. Qxa8+ Kd7 69. Qc6+ Ke7 70. Qxg6 Nd6 71. Bc5 Kd7 72. Bxd6 Kc8 73. Qc2 Kb7 74. Qxc7+ Ka8 75. Qb8# 1-0

[Event "EOBCC 2020"]
[Site "Online"]
[Date "2020.12.18"]
[Round "7.83"]
[White "Socko, Monika"]
[Black "Sukovic, Andrej"]
[Result "1-0"]
[WhiteElo "2421"]
[BlackElo "2282"]
[Annotator "ChessBase"]
[PlyCount "75"]
[EventDate "2020.12.18"]
[EventType "tourn"]
[EventCountry "NET"]
[SourceTitle "playchess.com"]
[Source "ChessBase"]
[SourceQuality "1"]

1. e4 c5 2. Nf3 d6 3. Bb5+ Nd7 4. O-O a6 5. Bxd7+ Bxd7 6. c4 e5 7. Nc3 g6 8. d3 Bg7 9. Be3 Ne7 10. Qd2 O-O 11. Bh6 f5 12. Bxg7 Kxg7 13. Rae1 b5 14. b3 b4 15. Nd5 Nc6 16. Kh1 a5 17. Ng1 f4 18. f3 a4 19. Ne2 Ra6 20. Qb2 Be6 21. Ndxf4 Bf7 22. Nd5 axb3 23. axb3 Ra3 24. f4 Bxd5 25. exd5 Nd4 26. Nxd4 exd4 27. Re6 Rf7 28. g3 Rfa7 29. f5 Qg5 30. Rxd6 Ra2 31. f6+ Kf8 32. Rd8+ Kf7 33. Rd7+ Kf8 34. Rxa7 Rxb2 35. f7 Rxh2+ 36. Kxh2 Qh6+ 37. Kg2 Qd2+ 38. Rf2 1-0

[Event "EOBCC 2020"]
[Site "Online"]
[Date "2020.12.18"]
[Round "7.84"]
[White "Walter, Szymon"]
[Black "Svane, Frederik"]
[Result "1-0"]
[WhiteElo "2281"]
[BlackElo "2421"]
[Annotator "ChessBase"]
[PlyCount "107"]
[EventDate "2020.12.18"]
[EventType "tourn"]
[EventCountry "NET"]
[SourceTitle "playchess.com"]
[Source "ChessBase"]
[SourceQuality "1"]

1. e4 c5 2. Nc3 Nc6 3. f4 g6 4. Nf3 Bg7 5. Bb5 Nd4 6. O-O Nxb5 7. Nxb5 d5 8. exd5 Nf6 9. c4 a6 10. Nc3 e6 11. d4 exd5 12. Re1+ Be6 13. Ng5 O-O 14. Rxe6 cxd4 15. Qxd4 fxe6 16. Nxe6 Qe7 17. cxd5 Rfe8 18. f5 gxf5 19. Bg5 Ne4 20. Qxe4 fxe4 21. Bxe7 Rxe7 22. Nxe4 Bxb2 23. Rb1 Bg7 24. g4 Rc8 25. Nd6 Rc2 26. Nf5 Rd7 27. Nexg7 Rxg7 28. Nxg7 Kxg7 29. Rxb7+ Kf6 30. Rxh7 Rxa2 31. d6 Rd2 32. d7 a5 33. h4 a4 34. Rh6+ Ke5 35. Ra6 Kf4 36. Rxa4+ Kg3 37. Kf1 Rxd7 38. h5 Kf3 39. Ke1 Re7+ 40. Kd2 Rd7+ 41. Kc3 Rc7+ 42. Rc4 Rd7 43. Kb4 Kg3 44. g5 Rd5 45. Rc5 Rd7 46. h6 Kg4 47. g6 Rd6 48. h7 Rxg6 49. h8=Q Rb6+ 50. Ka5 Rg6 51. Rc7 Rg5+ 52. Kb6 Rg6+ 53. Kb7 Rg5 54. Rg7 1-0

[Event "EOBCC 2020"]
[Site "Online"]
[Date "2020.12.18"]
[Round "7.85"]
[White "Polok, Kacper"]
[Black "Babazada, Khazar"]
[Result "1-0"]
[WhiteElo "2272"]
[BlackElo "2409"]
[Annotator "ChessBase"]
[PlyCount "71"]
[EventDate "2020.12.18"]
[EventType "tourn"]
[EventCountry "NET"]
[SourceTitle "playchess.com"]
[Source "ChessBase"]
[SourceQuality "1"]

1. e4 Nf6 2. Nc3 d6 3. d4 g6 4. Bg5 Bg7 5. Qd2 h6 6. Bh4 O-O 7. f3 Nbd7 8. O-O-O c5 9. Nge2 cxd4 10. Nxd4 a6 11. Bf2 Qc7 12. Be3 Kh7 13. h4 b5 14. h5 g5 15. Nf5 Ne5 16. Nxg7 Kxg7 17. f4 gxf4 18. Bxf4 Rh8 19. g4 Bxg4 20. Rg1 Kh7 21. Bxh6 Rhg8 22. Be2 b4 23. Nd5 Nxd5 24. exd5 Bxe2 25. Qxe2 Kxh6 26. Qe3+ Kh7 27. Qe4+ f5 28. Qxf5+ Kh8 29. Qe6 Kh7 30. Qf5+ Kh8 31. Qe6 Kh7 32. h6 Rac8 33. Qf5+ Kh8 34. Rg7 Rxg7 35. hxg7+ Kg8 36. Rh1 1-0

[Event "EOBCC 2020"]
[Site "Online"]
[Date "2020.12.18"]
[Round "7.86"]
[White "Jagodzinski, Piotr"]
[Black "Grunberg, Mihai-Lucian"]
[Result "1/2-1/2"]
[WhiteElo "2145"]
[BlackElo "2401"]
[Annotator "ChessBase"]
[PlyCount "228"]
[EventDate "2020.12.18"]
[EventType "tourn"]
[EventCountry "NET"]
[SourceTitle "playchess.com"]
[Source "ChessBase"]
[SourceQuality "1"]

1. Nf3 d5 2. b3 c6 3. Bb2 Bf5 4. e3 e6 5. d4 Nf6 6. Bd3 Ne4 7. O-O Bd6 8. c4 O-O 9. Nc3 Nd7 10. Qc2 Ndf6 11. Ne5 Qc7 12. f4 Nxc3 13. Bxc3 Bxd3 14. Qxd3 Ne4 15. Bb2 a5 16. a3 f6 17. Nf3 Qf7 18. c5 Bc7 19. b4 axb4 20. axb4 Rxa1 21. Rxa1 g5 22. g3 Qh5 23. Qd1 Qg6 24. Ra7 gxf4 25. Rxb7 fxg3 26. h3 Nf2 27. Qf1 Rf7 28. b5 cxb5 29. Qxb5 Qb1+ 30. Qf1 Nxh3+ 31. Kg2 Qxf1+ 32. Kxf1 Nf2 33. Nd2 Nd1 34. Ke2 g2 35. Nf3 Nxb2 36. Rxb2 Rg7 37. Rb1 Bh2 38. Ng1 h5 39. Kf2 h4 40. c6 Bc7 41. Kf3 h3 42. Nxh3 Rg3+ 43. Kf2 Rxh3 44. Rb7 Rh1 45. Kxg2 Rh7 46. Kf3 Re7 47. Ke2 Kf7 48. Kd3 e5 49. Rb5 Ke6 50. e4 dxe4+ 51. Kxe4 f5+ 52. Kd3 e4+ 53. Ke3 Kd6 54. Rxf5 Kxc6 55. Rh5 Bd6 56. Rh4 Kd5 57. Rh5+ Kc4 58. Rh4 Ba3 59. Rxe4 Bc1+ 60. Kf3 Rf7+ 61. Ke2 Kd5 62. Rg4 Bb2 63. Kd3 Rf3+ 64. Kc2 Bxd4 65. Kd2 Kc4 66. Rg2 Rd3+ 67. Ke2 Rb3 68. Rg8 Rb2+ 69. Kf3 Kd3 70. Rg2 Rb8 71. Rg4 Re8 72. Kg3 Ke3 73. Rg6 Be5+ 74. Kg4 Rf8 75. Ra6 Ke4 76. Ra4+ Bd4 77. Ra5 Rf1 78. Ra3 Rf7 79. Ra5 Be5 80. Ra4+ Kd5 81. Ra5+ Ke6 82. Ra6+ Bd6 83. Ra5 Rf4+ 84. Kg5 Re4 85. Rb5 Be7+ 86. Kh5 Re1 87. Kg4 Rf1 88. Kg3 Bd6+ 89. Kg4 Rf8 90. Ra5 Rf4+ 91. Kg5 Rf2 92. Kg4 Be5 93. Ra6+ Kd5 94. Ra5+ Ke4 95. Ra4+ Bd4 96. Ra3 Rg2+ 97. Rg3 Rf2 98. Ra3 Rf4+ 99. Kg3 Kf5 100. Ra5+ Be5 101. Kg2 Ke4 102. Ra4+ Bd4 103. Kg3 Rf3+ 104. Kg2 Rf6 105. Ra3 Rg6+ 106. Rg3 Rf6 107. Ra3 Rf2+ 108. Kg3 Rf1 109. Ra2 Rf3+ 110. Kg2 Rd3 111. Ra4 Kf4 112. Ra2 Kg4 113. Rc2 Rg3+ 114. Kf1 Kf3 1/2-1/2

[Event "EOBCC 2020"]
[Site "Online"]
[Date "2020.12.18"]
[Round "7.87"]
[White "Piesik, Piotr"]
[Black "Smirnova, Ekaterina"]
[Result "1-0"]
[WhiteElo "2400"]
[BlackElo "2239"]
[Annotator "ChessBase"]
[PlyCount "97"]
[EventDate "2020.12.18"]
[EventType "tourn"]
[EventCountry "NET"]
[SourceTitle "playchess.com"]
[Source "ChessBase"]
[SourceQuality "1"]

1. Nf3 d5 2. g3 Nf6 3. Bg2 Bg4 4. O-O c6 5. d3 Nbd7 6. Nbd2 e5 7. e4 dxe4 8. dxe4 Bc5 9. h3 Bh5 10. Qe1 O-O 11. Nb3 Be7 12. Nh4 Re8 13. Nf5 Bf8 14. g4 Bg6 15. Ng3 Nc5 16. Nxc5 Bxc5 17. Qe2 Qc7 18. h4 h6 19. h5 Bh7 20. g5 hxg5 21. Bxg5 Nd7 22. Rad1 Nf8 23. Bh3 Rad8 24. Bxd8 Rxd8 25. Rxd8 Qxd8 26. Rd1 Qb6 27. b3 Bd4 28. Bf5 Ne6 29. Bxe6 fxe6 30. Kg2 Qb4 31. Rd3 Bb6 32. Qg4 Qe7 33. h6 Qf6 34. Qxg7+ Qxg7 35. hxg7 Kxg7 36. Rd7+ Kh6 37. Rxb7 Bg8 38. b4 Kg6 39. c4 Bd4 40. Ne2 Kf6 41. f4 a6 42. Nxd4 exd4 43. e5+ Kf5 44. Kf3 d3 45. Rd7 d2 46. Rxd2 Bf7 47. Rg2 Bh5+ 48. Ke3 Bg4 49. c5 1-0

[Event "EOBCC 2020"]
[Site "Online"]
[Date "2020.12.18"]
[Round "7.88"]
[White "Gurvich, Vitaly"]
[Black "Tsvetkov, Andrey"]
[Result "0-1"]
[WhiteElo "2230"]
[BlackElo "2395"]
[Annotator "ChessBase"]
[PlyCount "92"]
[EventDate "2020.12.18"]
[EventType "tourn"]
[EventCountry "NET"]
[SourceTitle "playchess.com"]
[Source "ChessBase"]
[SourceQuality "1"]

1. e4 c5 2. Nf3 d6 3. d4 cxd4 4. Nxd4 Nf6 5. Nc3 a6 6. Nb3 e6 7. g4 b5 8. Bg2 Bb7 9. g5 Nfd7 10. h4 Qc7 11. Be3 Nc6 12. a3 Nce5 13. Bd4 Nc4 14. Ne2 Nc5 15. Ng3 Na4 16. Qc1 e5 17. Bc3 Nxc3 18. bxc3 Be7 19. Nf5 g6 20. Ne3 Nxe3 21. Qxe3 Rc8 22. Kd2 O-O 23. h5 d5 24. hxg6 hxg6 25. exd5 Rfd8 26. Qh3 Bxg5+ 27. Kd1 Bf6 28. Ke2 Qxc3 29. Qd3 Qxc2+ 30. Qxc2 Rxc2+ 31. Kd3 Rxf2 32. Be4 Bxd5 33. Bxd5 Rxd5+ 34. Ke3 Rb2 35. Na5 Kg7 36. Nc6 Rc5 37. Nb4 Bg5+ 38. Kf3 a5 39. Nd3 Rc3 40. Rad1 f5 41. Kg3 e4 42. Rhe1 Rxd3+ 43. Rxd3 exd3 44. Rd1 d2 45. Kf3 Rc2 46. Ke2 Rc1 0-1

[Event "EOBCC 2020"]
[Site "Online"]
[Date "2020.12.18"]
[Round "7.89"]
[White "Vedrickas, Tautvydas"]
[Black "Suder, Jakub"]
[Result "1-0"]
[WhiteElo "2395"]
[BlackElo "2239"]
[Annotator "ChessBase"]
[PlyCount "65"]
[EventDate "2020.12.18"]
[EventType "tourn"]
[EventCountry "NET"]
[SourceTitle "playchess.com"]
[Source "ChessBase"]
[SourceQuality "1"]

1. d4 d5 2. c4 e6 3. Nc3 a6 4. cxd5 exd5 5. Bf4 Nf6 6. e3 Bd6 7. Bd3 O-O 8. Nf3 Bg4 9. h3 Bh5 10. g4 Bg6 11. Ne5 Re8 12. Bxg6 hxg6 13. Qf3 Nc6 14. g5 Bxe5 15. dxe5 Nd7 16. Qxd5 Ndxe5 17. O-O-O Qe7 18. Kb1 Rad8 19. Qb3 b5 20. Nd5 Qc5 21. Nxc7 Rf8 22. Nxa6 Qb6 23. Nb4 Na5 24. Qc3 Nf3 25. Bc7 Rxd1+ 26. Rxd1 Qb7 27. Bxa5 Qe4+ 28. Qc2 Qh4 29. Nd5 Qxh3 30. Bb4 Re8 31. Qc6 Re6 32. Qa8+ Kh7 33. Nf4 1-0

[Event "EOBCC 2020"]
[Site "Online"]
[Date "2020.12.18"]
[Round "7.90"]
[White "Mroziak, Maciej"]
[Black "Bosiocic, Marin"]
[Result "1-0"]
[WhiteElo "2369"]
[BlackElo "2602"]
[Annotator "ChessBase"]
[PlyCount "51"]
[EventDate "2020.12.18"]
[EventType "tourn"]
[EventCountry "NET"]
[SourceTitle "playchess.com"]
[Source "ChessBase"]
[SourceQuality "1"]

1. e4 d6 2. d4 Nf6 3. Nc3 e5 4. Nf3 Nbd7 5. g4 Nxg4 6. Rg1 Ngf6 7. Bc4 h6 8. Be3 c6 9. Qd3 b5 10. Bb3 Qa5 11. dxe5 dxe5 12. Nh4 Ba6 13. Qd2 Nb6 14. Nf5 b4 15. Nd6+ Bxd6 16. Qxd6 bxc3 17. O-O-O cxb2+ 18. Kb1 Nbd7 19. Rxg7 Rf8 20. Bxf7+ Rxf7 21. Qe6+ Kd8 22. Rxf7 Bc8 23. Qxf6+ Kc7 24. Qd6+ Kb7 25. Rxd7+ Bxd7 26. Qxd7+ 1-0

[Event "EOBCC 2020"]
[Site "Online"]
[Date "2020.12.18"]
[Round "7.91"]
[White "Teterev, Vitaly"]
[Black "Krastev, Alexander"]
[Result "0-1"]
[WhiteElo "2460"]
[BlackElo "2367"]
[Annotator "ChessBase"]
[PlyCount "144"]
[EventDate "2020.12.18"]
[EventType "tourn"]
[EventCountry "NET"]
[SourceTitle "playchess.com"]
[Source "ChessBase"]
[SourceQuality "1"]

1. Nf3 g6 2. e4 Bg7 3. d4 c5 4. c3 cxd4 5. cxd4 d5 6. e5 Bg4 7. Nbd2 Nc6 8. Bb5 e6 9. O-O Nge7 10. h3 Bxf3 11. Nxf3 O-O 12. Bxc6 Nxc6 13. Be3 Qb6 14. Qd2 Rfc8 15. Bh6 Nxd4 16. Nh2 Rc2 17. Qg5 Qd8 18. Qe3 Nf5 19. Qd3 Rxb2 20. Bxg7 Kxg7 21. Ng4 Rc8 22. Nf6 Qb6 23. g4 Ne7 24. Rab1 Rcc2 25. Rxb2 Qxb2 26. Qe3 Nc6 27. Nd7 Qb4 28. Qg5 Qe7 29. Nf6 h6 30. Nh5+ Kh7 31. Nf6+ Kg7 32. Nh5+ Kf8 33. Qxh6+ Ke8 34. Nf6+ Kd8 35. Qe3 d4 36. Qb3 Rc3 37. Qb5 a6 38. Qb6+ Qc7 39. Qb1 Qxe5 40. Qb6+ Qc7 41. Qb1 Kc8 42. Kg2 Qe5 43. Ne8 Qd5+ 44. Kh2 Qd8 45. Ng7 Qh8 46. Qe4 Qxg7 47. Rb1 Qe5+ 48. Qxe5 Nxe5 49. Kg2 Nc6 50. f4 Rc2+ 51. Kg3 Rxa2 52. h4 d3 53. h5 gxh5 54. gxh5 Ra5 55. Kg4 Ra2 56. Rh1 Rg2+ 57. Kf3 Rg7 58. Ke4 Ne7 59. Kxd3 Rh7 60. Ke4 Nf5 61. Ke5 b5 62. Kf6 Kb7 63. Kg5 a5 64. Rd1 b4 65. Rd8 Kb6 66. Rb8+ Kc5 67. Ra8 Kb5 68. Rb8+ Ka4 69. Rb7 Kb3 70. h6 a4 71. Rxf7 Rxf7 72. Kg6 Nxh6 0-1

[Event "EOBCC 2020"]
[Site "Online"]
[Date "2020.12.18"]
[Round "7.92"]
[White "Villegas, Pierre"]
[Black "Hirneise, Tobias"]
[Result "1-0"]
[WhiteElo "2367"]
[BlackElo "2452"]
[Annotator "ChessBase"]
[PlyCount "61"]
[EventDate "2020.12.18"]
[EventType "tourn"]
[EventCountry "NET"]
[SourceTitle "playchess.com"]
[Source "ChessBase"]
[SourceQuality "1"]

1. d4 d5 2. c4 c6 3. Nf3 Nf6 4. Qc2 dxc4 5. e4 b5 6. b3 cxb3 7. axb3 e6 8. Bd2 a5 9. Bd3 Be7 10. O-O h6 11. Rc1 O-O 12. Qd1 Bb7 13. Qe2 Re8 14. e5 Nh7 15. Qe4 Nf8 16. Bxb5 Bb4 17. Bd3 Qb6 18. Qg4 Bxd2 19. Nbxd2 Nbd7 20. Ne4 Qxb3 21. Rc3 Qb6 22. Rb1 Qc7 23. Nd6 Reb8 24. Rcb3 Ra7 25. Rxb7 Raxb7 26. Rxb7 Rxb7 27. Ne8 Ng6 28. Nxc7 Rxc7 29. Bxg6 fxg6 30. Qxe6+ Kh7 31. h4 1-0

[Event "EOBCC 2020"]
[Site "Online"]
[Date "2020.12.18"]
[Round "7.93"]
[White "Zarubitski, Viachaslau"]
[Black "Lenaerts, Lennert"]
[Result "1/2-1/2"]
[WhiteElo "2448"]
[BlackElo "2357"]
[Annotator "ChessBase"]
[PlyCount "59"]
[EventDate "2020.12.18"]
[EventType "tourn"]
[EventCountry "NET"]
[SourceTitle "playchess.com"]
[Source "ChessBase"]
[SourceQuality "1"]

1. e4 e5 2. Nf3 Nc6 3. Bb5 g6 4. O-O Bg7 5. c3 d6 6. d4 Bd7 7. d5 Nce7 8. c4 h6 9. Be3 f5 10. Nc3 Nf6 11. Qd3 Bxb5 12. cxb5 fxe4 13. Nxe4 Nfxd5 14. Rad1 Nxe3 15. fxe3 O-O 16. Qb3+ Kh8 17. Qe6 Qe8 18. Nh4 Rxf1+ 19. Rxf1 g5 20. Rf7 gxh4 21. Rxe7 Qh5 22. h3 Rf8 23. Rxc7 Qd1+ 24. Kh2 Rf1 25. Rc8+ Kh7 26. Qg8+ Kg6 27. Qe8+ Kh7 28. Qg8+ Kg6 29. Qe6+ Kh7 30. Qg8+ 1/2-1/2

[Event "EOBCC 2020"]
[Site "Online"]
[Date "2020.12.18"]
[Round "7.94"]
[White "Gretarsson, Helgi Ass"]
[Black "Coenen, Michael"]
[Result "0-1"]
[WhiteElo "2440"]
[BlackElo "2362"]
[Annotator "ChessBase"]
[PlyCount "66"]
[EventDate "2020.12.18"]
[EventType "tourn"]
[EventCountry "NET"]
[SourceTitle "playchess.com"]
[Source "ChessBase"]
[SourceQuality "1"]

1. d4 Nf6 2. c4 e6 3. Nc3 d5 4. Bf4 dxc4 5. e3 a6 6. Bxc4 b5 7. Be2 Bb7 8. Bf3 Qc8 9. Rc1 Bxf3 10. Qxf3 Ra7 11. Nge2 Qb7 12. Qh3 Nbd7 13. O-O c5 14. a4 b4 15. Nb1 Be7 16. Qg3 Nh5 17. Qg4 Nxf4 18. Nxf4 O-O 19. Nd3 cxd4 20. Qxd4 a5 21. e4 Nf6 22. f3 Rd8 23. Qe3 Qa6 24. Ne5 Rc8 25. Nd2 Rac7 26. Nb3 Rxc1 27. Rxc1 Rxc1+ 28. Qxc1 Qd6 29. Nc6 Qc7 30. Ncxa5 Qb6+ 31. Kh1 h5 32. Qg1 Qa6 33. Qd1 h4 0-1

[Event "EOBCC 2020"]
[Site "Online"]
[Date "2020.12.18"]
[Round "7.95"]
[White "Atalik, Ekaterina"]
[Black "Koc, Przemyslaw"]
[Result "1-0"]
[WhiteElo "2450"]
[BlackElo "2346"]
[Annotator "ChessBase"]
[PlyCount "81"]
[EventDate "2020.12.18"]
[EventType "tourn"]
[EventCountry "NET"]
[SourceTitle "playchess.com"]
[Source "ChessBase"]
[SourceQuality "1"]

1. d4 f5 2. Nf3 Nf6 3. g3 g6 4. Bg2 Bg7 5. O-O O-O 6. b3 d6 7. Bb2 c6 8. Nbd2 h6 9. Re1 d5 10. Ne5 g5 11. c4 e6 12. Qc2 Nbd7 13. Rac1 Nxe5 14. dxe5 Ng4 15. Nf3 Qc7 16. Qc3 h5 17. h3 Nh6 18. Nxg5 h4 19. f4 Qe7 20. gxh4 Bd7 21. Qg3 Kh8 22. Kh2 Be8 23. Bf3 Rg8 24. Qf2 Bg6 25. e3 Qe8 26. b4 Bh5 27. b5 Bxf3 28. Qxf3 dxc4 29. bxc6 bxc6 30. Rxc4 Rd8 31. Bd4 Rd5 32. Rec1 c5 33. Rxc5 Rxc5 34. Rxc5 Qa4 35. Qe2 Bf8 36. Rc7 Rg7 37. Rxg7 Bxg7 38. Nxe6 Qd7 39. Nxg7 Qd5 40. e6 Kh7 41. e7 1-0

[Event "EOBCC 2020"]
[Site "Online"]
[Date "2020.12.18"]
[Round "7.96"]
[White "Ivlev, Aleksey"]
[Black "Borsuk, Konstantin"]
[Result "0-1"]
[WhiteElo "2315"]
[BlackElo "2401"]
[Annotator "ChessBase"]
[PlyCount "130"]
[EventDate "2020.12.18"]
[EventType "tourn"]
[EventCountry "NET"]
[SourceTitle "playchess.com"]
[Source "ChessBase"]
[SourceQuality "1"]

1. e4 e6 2. d4 d5 3. Nd2 Nf6 4. e5 Nfd7 5. Bd3 c5 6. c3 Nc6 7. Ne2 b6 8. O-O cxd4 9. cxd4 Nb4 10. Bb1 Ba6 11. Nf3 Qc7 12. a3 Nc6 13. Be3 Be7 14. b4 Bc4 15. Qd2 b5 16. Rc1 Nb6 17. Nc3 h6 18. a4 a6 19. axb5 axb5 20. Rxa8+ Nxa8 21. Bd3 Bxb4 22. Nxb5 Bxb5 23. Qa2 Qa7 24. Qxa7 Nxa7 25. Bxb5+ Ke7 26. Be2 Rb8 27. h4 Kd7 28. h5 Nc6 29. g4 Nc7 30. g5 Bf8 31. Kg2 Ne7 32. gxh6 gxh6 33. Bd3 Nc6 34. Nd2 Rb4 35. Nf3 Na5 36. Bd2 Ra4 37. Rb1 Nc4 38. Bf4 Ra8 39. Rb7 Kc6 40. Rb1 Nb5 41. Rc1 Ra4 42. Nd2 Nba3 43. Nxc4 dxc4 44. Be4+ Kb5 45. d5 exd5 46. Bxd5 Ra7 47. e6 fxe6 48. Bxe6 Bg7 49. Be3 Re7 50. Bg4 Bb2 51. Rd1 c3 52. Rd6 Rxe3 53. fxe3 c2 54. Be2+ Kc5 55. Rd8 Bc3 56. Rc8+ Kb4 57. Rb8+ Ka5 58. Ra8+ Kb4 59. Rb8+ Ka4 60. Ra8+ Kb3 61. Rb8+ Ka2 62. Rb5 Nxb5 63. Bc4+ Kb2 64. Bxb5 c1=Q 65. Be2 Qxe3 0-1

[Event "EOBCC 2020"]
[Site "Online"]
[Date "2020.12.18"]
[Round "7.97"]
[White "Kusa, Jakub"]
[Black "Ioannidis, Evgenios"]
[Result "0-1"]
[WhiteElo "2336"]
[BlackElo "2411"]
[Annotator "ChessBase"]
[PlyCount "76"]
[EventDate "2020.12.18"]
[EventType "tourn"]
[EventCountry "NET"]
[SourceTitle "playchess.com"]
[Source "ChessBase"]
[SourceQuality "1"]

1. e4 c5 2. Nf3 d6 3. Bb5+ Nd7 4. O-O a6 5. Bd3 Ngf6 6. Re1 g6 7. c3 Ne5 8. Nxe5 dxe5 9. Bf1 Bg7 10. b3 O-O 11. Bb2 Qc7 12. d4 exd4 13. cxd4 Ng4 14. g3 cxd4 15. h3 Ne5 16. Nd2 Rd8 17. Rc1 Qa5 18. Nc4 Qxe1 19. Qxe1 Nf3+ 20. Kg2 Nxe1+ 21. Rxe1 b5 22. Na5 e5 23. Rc1 Be6 24. Nc6 Rd7 25. a4 bxa4 26. bxa4 Rc7 27. Ba3 Bf8 28. Nxe5 Rac8 29. Rxc7 Rxc7 30. Bb2 Bg7 31. Nf3 Bc4 32. e5 Bxf1+ 33. Kxf1 Rc4 34. a5 d3 35. Ke1 Ra4 36. Bc3 Ra2 37. Nd2 Rc2 38. Ne4 Re2+ 0-1

[Event "EOBCC 2020"]
[Site "Online"]
[Date "2020.12.18"]
[Round "7.98"]
[White "Soltanici, Ruslan"]
[Black "Gubajdullin, Alexei"]
[Result "1-0"]
[WhiteElo "2410"]
[BlackElo "2343"]
[Annotator "ChessBase"]
[PlyCount "93"]
[EventDate "2020.12.18"]
[EventType "tourn"]
[EventCountry "NET"]
[SourceTitle "playchess.com"]
[Source "ChessBase"]
[SourceQuality "1"]

1. e4 a6 2. Nf3 b5 3. d4 Bb7 4. Bd3 e6 5. a4 b4 6. O-O c5 7. dxc5 Bxc5 8. Qe2 Nc6 9. Nbd2 Nge7 10. e5 Ng6 11. Nc4 O-O 12. Bg5 Qc7 13. a5 Nd4 14. Nxd4 Bxd4 15. Be3 Bxe5 16. Nxe5 Qxe5 17. Qd2 Nh4 18. f3 Qxb2 19. Rab1 Qe5 20. Rxb4 Nxf3+ 21. gxf3 Bc6 22. Rg4 Qh5 23. Qg2 g6 24. Bd4 f5 25. Rg5 Qh6 26. Qg3 Kf7 27. f4 Rab8 28. Qe3 Rb4 29. c3 Rb2 30. Rf2 Rfb8 31. Rxb2 Rxb2 32. Be2 Bb5 33. Qe5 Rxe2 34. Qf6+ Ke8 35. Qh8+ Ke7 36. Qf6+ Kd6 37. Rg2 Re1+ 38. Kf2 Rf1+ 39. Ke3 Qh3+ 40. Rg3 Qxh2 41. Qe5+ Ke7 42. Qg7+ Kd8 43. Qf8+ Kc7 44. Qc5+ Bc6 45. Be5+ Kc8 46. Qf8+ Kb7 47. Qb8# 1-0

[Event "EOBCC 2020"]
[Site "Online"]
[Date "2020.12.18"]
[Round "7.99"]
[White "Gaehwiler, Gabriel"]
[Black "Papp, Petra"]
[Result "1-0"]
[WhiteElo "2408"]
[BlackElo "2336"]
[Annotator "ChessBase"]
[PlyCount "105"]
[EventDate "2020.12.18"]
[EventType "tourn"]
[EventCountry "NET"]
[SourceTitle "playchess.com"]
[Source "ChessBase"]
[SourceQuality "1"]

1. d4 Nf6 2. c4 g6 3. Nf3 Bg7 4. g3 O-O 5. Bg2 d6 6. O-O Nc6 7. b3 e5 8. Bb2 e4 9. Nfd2 Re8 10. d5 Nb8 11. e3 Bg4 12. Qc2 Qd7 13. Nc3 Bf3 14. Nxf3 exf3 15. Bxf3 Na6 16. a3 c5 17. dxc6 bxc6 18. Rad1 Nc5 19. b4 Ne6 20. Qa4 Rac8 21. Bg2 Ng5 22. Ne2 Nh3+ 23. Bxh3 Qxh3 24. Bxf6 Bxf6 25. Rxd6 Be5 26. Rxc6 Rcd8 27. Qc2 h5 28. Qe4 Bxg3 29. Qg2 Bxh2+ 30. Kh1 Qxg2+ 31. Kxg2 Be5 32. Ng1 Rd3 33. Nf3 Rxa3 34. Rd1 Ra2 35. b5 Bg7 36. Kf1 Re7 37. Rc8+ Kh7 38. c5 Bf6 39. c6 g5 40. Nd4 Kg6 41. Rg8+ Bg7 42. Rc1 Rc7 43. b6 axb6 44. Nb5 Raa7 45. Nxa7 Rxa7 46. c7 Rxc7 47. Rxc7 h4 48. Rc6+ f6 49. Rxb6 Kh7 50. Rxg7+ Kxg7 51. f3 h3 52. Kg1 Kg6 53. Kh2 1-0

[Event "EOBCC 2020"]
[Site "Online"]
[Date "2020.12.18"]
[Round "7.100"]
[White "Bykhovsky, Avigdor"]
[Black "Muller, Anthony"]
[Result "1-0"]
[WhiteElo "2400"]
[BlackElo "2269"]
[Annotator "ChessBase"]
[PlyCount "57"]
[EventDate "2020.12.18"]
[EventType "tourn"]
[EventCountry "NET"]
[SourceTitle "playchess.com"]
[Source "ChessBase"]
[SourceQuality "1"]

1. d4 d5 2. c4 c6 3. Nf3 Nf6 4. e3 e6 5. Nc3 Nbd7 6. Qc2 Bd6 7. Bd2 O-O 8. O-O-O e5 9. cxd5 cxd5 10. dxe5 Nxe5 11. Nd4 a6 12. Kb1 Qe7 13. h3 b5 14. g4 b4 15. g5 bxc3 16. gxf6 Qxf6 17. Bxc3 Qg6 18. f4 Qxc2+ 19. Kxc2 Nc4 20. Bxc4 dxc4 21. Nc6 Bf5+ 22. Kc1 Be4 23. Rhg1 Rfd8 24. Bxg7 Bxc6 25. Be5+ Kf8 26. Bxd6+ Ke8 27. Rg8+ Kd7 28. Bb4+ Kc7 29. Ba5+ 1-0

[Event "EOBCC 2020"]
[Site "Online"]
[Date "2020.12.18"]
[Round "7.102"]
[White "Tarasova, Viktoriya"]
[Black "Erdogdu, Mert"]
[Result "0-1"]
[WhiteElo "2226"]
[BlackElo "2396"]
[Annotator "ChessBase"]
[PlyCount "76"]
[EventDate "2020.12.18"]
[EventType "tourn"]
[EventCountry "NET"]
[SourceTitle "playchess.com"]
[Source "ChessBase"]
[SourceQuality "1"]

1. d4 d5 2. c4 e6 3. Nc3 c5 4. cxd5 exd5 5. Nf3 Nf6 6. g3 Nc6 7. Bg2 Be7 8. O-O O-O 9. dxc5 Bxc5 10. a3 Ne4 11. Qc2 Nxc3 12. Qxc3 Bb6 13. b4 d4 14. Qd2 Re8 15. Bb2 Bg4 16. Rfd1 Qe7 17. Re1 Rad8 18. Qf4 Bh5 19. Rad1 Qd7 20. b5 Na5 21. Nxd4 Nc4 22. Bc3 Nxa3 23. Rd2 Nxb5 24. Nf5 Nxc3 25. Rxd7 Rxd7 26. Qg5 Bg6 27. h4 h6 28. Qg4 h5 29. Qg5 Rxe2 30. Rxe2 Nxe2+ 31. Kh2 Bxf2 32. g4 hxg4 33. h5 g3+ 34. Kh3 Ng1+ 35. Kg4 Bxf5+ 36. Qxf5 Rd4+ 37. Kg5 Be3+ 38. Qf4 Bxf4+ 0-1